000 00865nam a2200229Ii 4500
003 JO-AjNU
008 230605s9999||||xx |||||||||||||| ||und||
017 _a1990/345
040 _aJO-AjNU
_bara
_erda
_cJO-AjNU
041 _aara
050 1 4 _aP106.C4612 1990
100 3 _aجومسكي تقديم/جواد باقر,مرتضى مترجم/محمد علي,عبد الجابر مترجم/,
_eauthor
_934672
245 0 0 _aمحاضرات ودن: تأملات في اللغة
250 _aط1
264 3 1 _aبغداد:دار الشؤون الثقافية العامة,1990
300 _a175ص
336 _atext
_btxt
_2rdacontent
337 _aunmediated
_bn
_2rdamedia
338 _avolume
_bnc
_2rdacarrier
490 0 _aسلسلة المائة كتاب -الثاني
650 4 _aسمات اللغة العامة-دراسة اللغة البشرية
_934673
999 _aA14240
_c17808
_d17808